Statystyki dla Ulice w Bełżycach

Kliknij tutaj aby rozwiązać quiz!

Ogólne statystyki

  • Ten quiz został rozwiązany 94 razy
  • Średni wynik to 29 z 60

Statystyki odpowiedzi

HintOdpowiedź% Poprawnych
1640 mLubelska
87%
670 mSłoneczna
79%
430 mRynek
77%
640 mFabryczna
75%
1040 mWojska Polskiego
72%
1400 mBychawska
70%
1950 mKopernika
70%
1950 mKościuszki
69%
1140 mWilczyńskiego
69%
180 mZielona
62%
160 mKrótka
61%
4470 mPrzemysłowa
61%
300 mSpokojna
61%
780 mSzpitalna
61%
470 mZamkowa
61%
1460 mKazimierska
59%
260 mŻytnia
59%
360 mKrakowska
57%
90 mMiła
57%
290 mPolna
56%
330 mSportowa
54%
660 mSzkolna
54%
230 mWesoła
52%
1800 mWzgórze
52%
220 mPocztowa
51%
240 mElekcyjna
49%
450 mPrebendarska
49%
350 m1000-lecia
48%
380 mNachmana
48%
330 mBednarska
46%
370 mPółnocna
46%
70 mPrzeskok
46%
110 mCicha
44%
180 mGminna
44%
230 mKlarnera
44%
90 mMała
44%
190 mSympatyczna
44%
430 mŻeromskiego
44%
220 mŁączna
43%
280 mStrażacka
43%
180 mOgrodowa
41%
140 m1 maja
39%
190 mKwiatowa
39%
180 mMilenijna
39%
90 mOrzechowa
39%
120 mPartyzantów
39%
300 mGrażewicza
38%
660 mPrzelotowa
36%
200 mEwangelicka
34%
180 mSadowa
34%
170 mSpółdzielcza
33%
130 mJabłoniowa
30%
270 mKlonowa
30%
100 mRzeczna
30%
230 mRolnicza
28%
110 mSzewska
28%
90 mKręta
26%
---Śródpole
26%
40 mBargieła
23%
330 mZagorodowa
2%

Rozkład punktacji

Percentyl według liczby udzielonych odpowiedzi

Procent ludzi z każdym wynikiem

Twoja historia wyników

Nie rozwiązałeś tego quizu